000 00835nab a2200241 u 4500
001 13327
003 HDC
007 cr bn ---aaaaa
008 210212b2017mmddxxkd||no |||| 00| 0 eng d
040 _aHDC
245 0 _aAHDB appoints first halal manager
_c/ Beef and Lamb (AHDB)
260 _aUnited Kingdom:
_bAgriculture and Horticulture Development Board,
_c2017
300 _a1 online resource
336 _atext
_2rdacontent
337 _acomputer
_2rdamedia
338 _aonline resource
_2rdacarrier
650 _aHalal industry
_zUnited Kingdom
_92577
710 _aBeef and Lamb (AHDB)
856 _zRequest full-text at [email protected]
942 _2lcc
942 _cNEWS
942 _kNWSO 003606
999 _c10643
_d10643